000 00435cam a2200181 4500
001 D13702
008 090401t1950 xxu||||| |||| 00| 0 eng d
035 _a(Sirsi) u11203
041 _aeng
100 _aReece, Noel L
245 _aSurveying and levelling for builders
260 _aLondon
_bGeorge Newnes Ltd
_c1950
300 _a268p. : ill. ; 22cm.
350 _a0
520 _aShelf 133
942 _n0
948 _c04/03/1997
999 _c86831
_d86831